La Perse, la Chaldée et la Susiane (Record no. 48778)

MARC details
000 -LEADER
campo de control de longitud fija 00768nam a22001935i 4500
001 - NÚMERO DE CONTROL
campo de control 48778
003 - IDENTIFICADOR DE NÚMERO DE CONTROL
campo de control ES-MaACL
005 - FECHA Y HORA DE LA ÚLTIMA TRANSACCIÓN
campo de control 20230906161822.0
007 - CAMPO FIJO DE DESCRIPCIÓN FÍSICA--INFORMACIÓN GENERAL
campo de control de longitud fija t|
008 - DATOS DE LONGITUD FIJA--INFORMACIÓN GENERAL
campo de control de longitud fija 950731s1887 fr a ||||1| fre d
040 ## - FUENTE DE CATALOGACIÓN
Centro catalogador/agencia de origen CAM
Lengua de catalogación spa
Centro/agencia transcriptor CAM
100 1# - ENTRADA PRINCIPAL--NOMBRE DE PERSONA
Nombre de persona Dieulafoy, Jane.
9 (RLIN) 44636
245 13 - MENCIÓN DEL TÍTULO
Título La Perse, la Chaldée et la Susiane
Resto del título : relation de voyage contenant 336 gravures sur bois d'aprés les photographies de l'auteur, et deux cartes /
Mención de responsabilidad, etc. par Jane Dieulafoy.
260 ## - PUBLICACIÓN, DISTRIBUCIÓN, ETC.
Lugar de publicación, distribución, etc. Paris :
Nombre del editor, distribuidor, etc. Hachette et Cie.,
Fecha de publicación, distribución, etc. 1887.
300 ## - DESCRIPCIÓN FÍSICA
Extensión [6], 739 p., [2] h. de map. :
Otras características físicas il. ;
Dimensiones 25 cm.
651 #4 - PUNTO DE ACCESO ADICIONAL DE MATERIA--NOMBRE GEOGRÁFICO
Nombre geográfico Irán-
Subdivisión de forma Descripción.
9 (RLIN) 158056
651 #4 - PUNTO DE ACCESO ADICIONAL DE MATERIA--NOMBRE GEOGRÁFICO
Nombre geográfico Oriente Medio-
Subdivisión general Descripción.
9 (RLIN) 159943
852 ## - LOCALIZACIÓN
Ubicación ES-MaACL
Número de control de estantería G-2214
Nota libre .- Enc. editorial con decoración de estilo oriental, cantos dorados
Holdings
Estatus retirado Estado de pérdida Estado de daño No para préstamo Colección Biblioteca de origen Biblioteca actual Ubicación en estantería Fecha de adquisición Fuente de adquisición Total de préstamos Signatura topográfica completa Código de barras Visto por última vez Precio de reemplazo Tipo de ítem Koha
        Libros del s. XIX Biblioteca del Ateneo de Madrid Biblioteca del Ateneo de Madrid Depósito 2 17/01/2008     G-2214 1051332 23/02/2023 23/02/2023 Libro impreso antiguo